Straight & Butch.

Follow Butch-an out gay man-as he embarks on his arduous journey of finding twelve straight men for a one-of-a-kind calendar, which soon becomes an engaging study of male sexuality and masculinity.

Bibliographic Details
Corporate Author: Kanopy (Firm)
Format: Video
Language:Undetermined
Language Notes:In English
Published: [San Francisco, California, USA] : Kanopy Streaming, 2015.
Subjects:
Online Access:Connect to this streaming video

MARC

Tag First Indicator Second Indicator Subfields
LEADER 00000cgm a2200000za 4500
001 in00003591313
006 m o c
007 vz uzazuu
007 cr una---unuuu
008 150908p20152010cau086 o vlund d
005 20260324182105.1
028 5 2 |a 1127413  |b Kanopy 
035 |a (CaSfKAN)kan1127413 
040 |a VDU  |b eng  |c VDU  |d UtOrBLW 
245 0 0 |a Straight & Butch. 
264 1 |a [San Francisco, California, USA] :  |b Kanopy Streaming,  |c 2015. 
300 |a 1 online resource (streaming video file) 
306 |a Duration: 87 minutes 
336 |a two-dimensional moving image  |b tdi  |2 rdacontent 
337 |a computer  |b c  |2 rdamedia 
338 |a online resource  |b cr  |2 rdacarrier 
500 |a Title from title frames. 
511 0 |a Features: Butch Cordora 
518 |a Originally produced by Breaking Glass Pictures in 2010. 
520 |a Follow Butch-an out gay man-as he embarks on his arduous journey of finding twelve straight men for a one-of-a-kind calendar, which soon becomes an engaging study of male sexuality and masculinity. 
538 |a Mode of access: World Wide Web. 
546 |a In English 
500 |a Electronic resource. 
653 |a LGBT 
653 |a Media Studies 
653 |a Photography 
655 7 |a Nonfiction films.  |2 lcgft  |0 http://id.loc.gov/authorities/genreForms/gf2011026423 
655 7 |a Internet videos.  |2 lcgft  |0 http://id.loc.gov/authorities/genreForms/gf2011026337 
700 1 |a Cordora, Butch,  |e filmmaker. 
710 2 |a Kanopy (Firm)  |0 http://id.loc.gov/authorities/names/no2014091415 
856 4 0 |u http://proxy.library.tamu.edu/login?url=https://texasam.kanopystreaming.com/node/127414  |z Connect to this streaming video  |t 0 
999 f f |s 7ac4c759-cb82-30c1-8326-be61d4c47a70  |i f8dc8f51-844e-350b-88ff-d4f3e931c23b  |t 0 
952 f f |a Texas A&M University  |b College Station  |c Electronic Resources  |s www_evans  |d Available Online  |t 0  |h No information provided 
998 f f |t 0  |l Available Online